Egy üzem - egy iskola Például a gázszerelők
Elmentve itt :
| Dokumentumtípus: | Cikk |
|---|---|
| Megjelent: |
1976-11-09
|
| Sorozat: | Délmagyarország
66 No. 265 |
| Kulcsszavak: | DÉMÁSZ |
| Online Access: | http://dmarchiv.bibl.u-szeged.hu/103840 |
| LEADER | 00417nab a2200145 i 4500 | ||
|---|---|---|---|
| 001 | delm103840 | ||
| 005 | 20190426125236.0 | ||
| 008 | 190426s1976 hu o 0|| hun d | ||
| 040 | |a SZTE Délmagyarország Archívum |b hun | ||
| 041 | |a hun | ||
| 245 | 0 | 0 | |a Egy üzem - egy iskola |h [elektronikus dokumentum] : |b Például a gázszerelők |
| 260 | |c 1976-11-09 | ||
| 300 | |a 3 | ||
| 490 | 0 | |a Délmagyarország |v 66 No. 265 | |
| 695 | |a DÉMÁSZ | ||